000 01089 a2200205 4500
001 84813
003 BD-RjUL
005 20250416111114.0
008 250416s1945 ii ||||| |||| 00| 0 urd d
035 _a(BD-RjUL) 84813
040 _aBD-RjUL
_beng
_cBD-RjUL
041 _aurd
082 _223
_a891.55
_bFAH 1945
100 _a فریدآبادى، سيد هاشمى ، ;; Faridabadi, Syed Hashmi,
_915243
245 1 0 _aحکایات رومى / Ḥikāyāt-i Rūmī /
_bرجمه از مرزا نظام شاه لبیب ؛ به نظر ثانى، سيد هاشمى فریدآبادى., جلال االدین رومى، مولانا، جلال الدین رومى، مولانا، 1207-1273, author (Author), هاشمى فریدآبادى، سيد، / tarjamah az Mirzā Niẓām Shāh Labīb ; bah naẓr-i s̲ānī, Sayyid Hāshimī Farīdābādī., Jalāl al-Dīn Rūmī (Author), Sayyid Hāshmī Farīdābādī
260 _aDihlī, :هند
_b انجمن ترقىّ اردو، ،
_c1945
300 _a238 p. ;
_c20 cm
650 _aDidactic literature, Persian
_915244
942 _2ddc
_cBK
999 _c84813
_d84813